[Event "Match 82__120'/40"]
[Site "Zürich"]
[Date "2025.??.??"]
[Round "23"]
[White "Scorpio 68000 sel. 4"]
[Black "Mephisto Explorer Pro"]
[Result "0-1"]
[Annotator "11,5-11,5 Ausgleich"]
[WhiteElo "2043"]
[BlackElo "2016"]
[WhiteFideId "-1"]
[BlackFideId "-1"]
[PlyCount "119"]
[GameId "543778095127"]
[EventDate "2025.10.05"]
[EventType "match"]
[EventRounds "50"]

{[%evp 0,119,25,25,13,-23,2,0,6,-7,21,29,15,15,21,19,57,62,64,41,47,28,48,15,11,9,9,9,7,-1,10,0,3,3,-3,-19,-18,-92,-36,-86,-82,-89,-77,-84,-83,-120,-136,-136,-142,-154,-154,-166,-139,-167,-119,-196,-189,-188,-203,-208,-197,-199,-219,-251,-213,-230,-225,-225,-276,-306,-263,-248,-244,-244,-233,-254,-148,-151,-206,-166,-168,-140,-140,-140,-77,-99,-111,-113,-98,-116,-108,-102,-94,-96,-57,-57,-77,-68,-36,-40,-50,-50,-61,-44,-51,-45,-45,-53,-40,-100,-99,-202,-200,-283,-301,-507,-646,-1701,-1805,-2219,-2242,-2240]} 1. d4 d5 {Match Nr. 82 mit 120'/40 | Bediener: Rolf Bühler | Kommentator: Kurt Utzinger | 23. Partie: Schwarz (Mephisto Explorer Pro) gewinnt | Zwischenstand: 11,5-11,5 Ausgleich | Stand hypothetisch: 13-10 für Mephisto Explorer Pro | Eröffnung: Damengambit, Cambridge Springs Variante | Buchzüge 7 (121) von Scorpio; 8 (96) von Mephisto Explorer Pro | Partieverlauf: Nach einer Glanzleistung beider Programme in der Eröffnungsphase kommt beim Scorpio 68000 sel. 4 aber Sand ins Getriebe. Der den Bauern d4 schwächende Vorstoss 22.e4? kostet dem amerikanischen Programm einen Bauern und schliesslich im Endspiel die Partie, wobei im 54. Zug noch eine Rettung möglich gewesen wäre. Aber wie so oft bei unseren Oldies, versagt auch hier der Scorpio 68000 sel. 4, weil er die Gefährlichkeit von Freibauern ungenügend berücksichtigt.} 2. c4 e6 3. Nc3 Nf6 4. Bg5 c6 5. e3 Nbd7 6. Nf3 Qa5 7. Nd2 $11 {***ENDE BUCH***} dxc4 8. Bxf6 Nxf6 $11 {***ENDE BUCH***} 9. Nxc4 {Das ist stärker als das Schlagen mit dem Läufer.} Qc7 10. Be2 Bb4 {Logischer 10...Le7. Auf b4 muss sich der Läufer nach 11.a3 zurückziehen oder seinen Läufer für den Springer hergeben. Nach einem Rückzug hat der Läufer ein Tempo verloren und Weiss ein Tempo gewonnen, denn a3 macht in dieser Stellung sowieso Sinn.} 11. a3 Bxc3+ 12. bxc3 O-O 13. O-O b6 14. Qc2 Ba6 15. Ne5 Bxe2 16. Qxe2 c5 17. f3 Rac8 $11 {Bis zu diesem Punkt haben beide Programme nach Verlassen ihrer Bücher sehr gut und absolut fehlerfrei agiert.} 18. Qf2 $2 $19 {Ein gekünsteltes Manöver, so dass Schwarz klaren Vorteil erhalten könnte.} ({Stockfish 17.1: 1)} 18. e4 {0.00(50%)/51} Rfd8 19. Rfd1 cxd4 20. cxd4 Qc3 21. Qd3 Qxd3 22. Rxd3 Nh5 23. g3 f6 24. Ng4 f5 25. Ne5 Nf6 26. Re1 Rc2 27. g4 h6 28. h4 Rdc8 29. exf5 Nd5 30. Ng6 Ra2 31. fxe6 Rcc2 32. e7 Rg2+ 33. Kh1 Rh2+ 34. Kg1 Rag2+ 35. Kf1 Rf2+ 36. Kg1 Rhg2+ 37. Kh1 Nxe7 38. Rxe7 Rh2+ 39. Kg1 Rfg2+ 40. Kf1 Ra2 41. Kg1 {[%eval 0,51] [%wdl 5,990,5]}) ({Stockfish 17.1: 2)} 18. Qd2 {-0.11(50%)/50} Rfd8 19. Rfd1 Nd5 20. Rac1 b5 21. c4 bxc4 22. Rxc4 Qb8 23. f4 Nb6 24. Rc2 Qb7 25. Rdc1 f6 26. Nf3 c4 27. Qe2 Rc7 28. h3 Qd5 29. Kh1 Rdc8 30. e4 Qa5 31. Rc3 Qa4 32. Qe3 Qe8 33. R3c2 Qf8 34. Kg1 Qd6 35. e5 Qd7 36. exf6 gxf6 37. Nd2 f5 38. Qf2 Qd5 39. Nb1 Rd7 40. Rd1 Qd6 41. Nc3 Nd5 {[%eval -11,50] [%wdl 3,988,9]}) 18... Rfd8 {Den Gewinnzug 18...Sd5 zu verpassen, ist keine Schande.} ({Stockfish 17.1:} 18... Nd5 {-2.05(0%)/54} 19. f4 f6 20. Nf3 Nxc3 21. Rac1 Ne4 22. Qc2 Qb7 23. dxc5 Rxc5 24. Qb2 Rd8 25. Nd4 Qd5 26. f5 exf5 27. Rxf5 Qd7 28. Rf4 Re8 29. Rxc5 Nxc5 30. Qe2 Qe7 31. Nc2 Ne4 32. Qc4+ Kh8 33. Qc6 h6 34. h4 Kh7 35. Qd5 Qd6 36. Qf5+ g6 37. Qb5 Re7 38. Nb4 Qd1+ 39. Qf1 Qxf1+ 40. Rxf1 Kg7 41. Rc1 Nc5 42. Nc6 Rc7 43. Nd4 Kf7 44. Nb5 Rd7 45. Kf1 h5 46. Ke2 a6 47. Nd4 Ke7 48. Kf3 {[%eval -205,54] [%wdl 0,4,996]}) 19. Kh1 $2 {Ein in jeder Hinsicht sinnloser Königszug in die Ecke.} ({Nach} 19. e4 cxd4 20. cxd4 Qc3 21. Rfd1 $11 {hat Weiss keine Sorgen.}) 19... Nd5 $1 $17 {Das ist auch jetzt noch sehr gut und zwingt Weiss in die Defensive.} 20. Qe1 cxd4 21. cxd4 Qc3 {[#]} 22. e4 $2 $19 {[%mdl 32768] Das ***VERLIERT*** Nur mit 22.Tc1 konnte Weiss versuchen, im Trüben zu fischen.} Qxe1 23. Raxe1 Nc3 {Schwarz erobert den gegnerischen d-Bauern.} 24. Re3 Rxd4 25. g3 Nb5 26. f4 Rd2 27. f5 exf5 28. exf5 f6 29. Ng4 h5 30. Nf2 Rcc2 $1 {Zwei schwarze Türme auf der zweiten Reihe leiten den Untergang für Weiss ein.} 31. Kg2 Kf7 32. Rf3 Ra2 33. Rc1 a5 34. h3 Nd4 35. Rf4 Rxa3 $19 {Nach der Eroberung eines zweiten Bauern mit Bildung von zwei verbundenen Freibauern am Damenflügel ist der Mist natürlich geführt.} 36. Rc7+ Kg8 37. Rd7 Ra4 {Mit zwei Bauern mehr, sollte man Figurentausch anstreben, zum Beispiel mit 37...Sb3 usw..} 38. Rd8+ Kf7 39. Rd7+ Kf8 40. Rd8+ Ke7 41. Rd5 b5 $2 $15 {Vernichtet auf einen Schlag alle bisherigen Bemühungen und lässt sich den Gewinn entgleiten.} (41... Kf8 42. Rd8+ Kf7 43. Rd7+ Kg8 44. Rd8+ Kh7 45. Rh4 g6 46. g4 (46. fxg6+ Kxg6 47. Rf4 Nb3 48. Rxd2 Rxf4 49. Rd6 Rb4 $19) 46... Nxf5 47. Rxh5+ gxh5 48. Rxd2 hxg4 49. Rd7+ Kh6 50. hxg4 Rd4 51. Rb7 Ne3+ 52. Kg3 Nc4 $19) 42. Re4+ Kf8 43. Rd8+ Kf7 44. Rd7+ Kg8 45. Rd8+ Kh7 46. Ree8 $1 {Die Rettung, welche in der gezeigten Variante mit 41...Kf8 nicht zur Verfügung stand. Es droht Th8 Matt.} Kh6 47. Rh8+ Kg5 48. Rd5 Rxf2+ ({oder} 48... h4 49. Rxh4 Nxf5 50. Rxd2 Nxh4+ 51. gxh4+ Kxh4 $11) 49. Kxf2 Ra2+ 50. Ke1 ({oder} 50. Ke3 Nxf5+ {mit folgenden 2 ausgleichenden Varianten:} 51. Ke4 (51. Kf3 b4 52. Ra8 a4 53. Rb5 Kg6 54. Rxb4 $11 {und weiter wie die Hauptvariante}) 51... Ra4+ 52. Kf3 b4 53. Ra8 Ra3+ 54. Kf2 a4 55. Rb5 Ra2+ 56. Kf3 Kg6 57. Rxb4 Ra3+ 58. Kg2 Rxg3+ 59. Kh2 a3 60. Ra5 Rc3 61. Rba4 Rc2+ 62. Kg1 Ne7 63. Rxa3 Nc6 64. R5a4 Kh6 65. h4 Ne5 66. Re4 Rc5 67. Rea4 Ng6 68. Kg2 f5 69. Rb4 f4 70. Kf2 Rf5 {[%eval -7,49] [%wdl 3,991,6]}) 50... Nf3+ 51. Kd1 $1 {Nur dieser Königszug garantiert das Remis.} (51. Kf1 $2 {würde verlieren nach} h4 $1 52. gxh4+ Kf4 $19) 51... b4 52. Rh7 Ne5 53. Rxg7+ Kxf5 $11 {[#]} 54. Rh7 $2 $19 {[%mdl 32768] Stolpert wieder in den ***VERLUST***, weil sich der weisse Turm dem falschen Bauern zuwendet. Dabei konnte er mit seinen beiden Türmen die gegnerischen Freibauern am Damenflügel neutralisieren und jede Verlustgefahr bannen. In diesem Sinne hätte 54.Ta7 oder 54.Td4 geschehen sollen.} ({PROMENADE-bmi2:} 54. Ra7 {0.00(50%)/62} a4 55. Rd4 Nc6 56. Rf4+ Ke6 57. Rb7 Ra1+ 58. Kd2 a3 59. Rb6 Kd7 60. Rxf6 a2 61. Rfxc6 Rd1+ 62. Kxd1 a1=Q+ 63. Kd2 b3 64. Rd6+ Kc7 65. Rbc6+ Kb7 66. Rb6+ Kc7 {[%eval 0,62] [%wdl 4,992,4]}) 54... b3 {Nun ist dieser Bauer nicht mehr aufzuhalten, bzw. wird einem weissen Turm das Leben kosten.} ({Auch} 54... Ke4 {gewinnt nach} 55. Rd2 b3 56. Rb7 Nc4 57. Re7+ Kf5 58. Rd5+ Kg6 59. Rb5 b2 60. Rb8 a4 61. Ra7 a3 62. Kc2 Nd2 $19) 55. Rb5 a4 56. Rxh5+ Ke4 57. Rb6 Kd3 58. Ke1 Ke3 59. Rxe5+ {Alles andere verliert schneller.} (59. Kf1 Rf2+ 60. Ke1 (60. Kg1 Nf3+ 61. Kh1 Rh2#) 60... Nf3+ 61. Kd1 Rf1#) 59... fxe5 {Schwarz hat Mattangriff} 60. Kf1 {***AUFGEGEBEN***} 0-1

[Event "Match 82__120'/40"]
[Site "Zürich"]
[Date "2025.??.??"]
[Round "24"]
[White "Mephisto Explorer Pro"]
[Black "Scorpio 68000 sel. 4"]
[Result "1/2-1/2"]
[Annotator "12-12 Ausgleich"]
[WhiteElo "2016"]
[BlackElo "2043"]
[WhiteFideId "-1"]
[BlackFideId "-1"]
[PlyCount "188"]
[GameId "543778095128"]
[EventDate "2025.10.05"]
[EventType "match"]
[EventRounds "50"]

{[%evp 0,188,23,17,12,22,21,10,18,11,19,18,3,10,12,-7,6,9,30,16,18,23,30,-1,10,27,37,40,53,38,45,38,66,74,55,53,57,33,63,54,49,55,105,90,100,92,56,69,69,59,69,77,151,79,165,95,93,77,217,160,203,19,34,31,19,9,1,17,18,26,30,16,21,19,22,12,23,17,14,6,36,25,34,11,21,32767,11,30,22,32,20,2,48,53,53,32,56,39,37,29,41,46,43,13,48,-1,39,1,1,1,6,-1,32767,52,36,40,30,50,39,1,1,-1,22,9,16,-1,1,-42,1,1,1,19,1,1,11,1,1,1,10,1,1,-1,1,0,1,1,1,1,9,1,1,1,1,-1,-1,-31,1,1,1,1,7,2,8,2,1,1,3,1,65,1,58,0,24,59,507,268,517,1,0,0,0,0,0,0,0,0,0,0,0,0,0]} 1. d4 Nf6 {Match Nr. 82 mit 120'/40 | Bediener: Rolf Bühler | Kommentator: Kurt Utzinger | 24. Partie: Remis | Zwischenstand: 12-12 Ausgleich | Stand hypothetisch: 14-10 für Mephisto Explorer Pro | Eröffnung: Nimzoindisch, Rubinstein System | Buchzüge 6 (127) von Scorpio und 6 (102) von Mephisto Explorer Pro | Partieverlauf: In einer schwierigen Partie stolpert Schwarz (Scorpio) zweimal in verlorene Stellungen, wird dafür aber nicht bestraft. So kann er sich in ein ausgeglichenes Turmendspiel retten. Beide Programme misshandeln dieses Endspiel kläglich. So begeht der Scorpio 68000 sel. 4 mit 86...f3?? einen elementaren Fehler und sollte wieder verlieren. Der Mephisto Explorer Pro macht es indessen nicht besser, indem er mit dem ebenfalls elementaren Fehler 88.Kb6?? den möglichen Sieg verpasst und sich mit Remis zufriedengeben muss.} 2. c4 e6 3. Nc3 Bb4 4. e3 O-O 5. Nf3 c5 6. Bd3 $11 {***ENDE BUCH***} d5 $11 {***ENDE BUCH***} 7. cxd5 exd5 8. dxc5 Bxc5 9. O-O Nc6 10. b3 Bg4 11. Be2 Rc8 12. Bb2 Qd7 13. Rc1 {Das droht Bauerngewinn mit Sxd5.} Rfd8 14. Na4 Be7 15. Nc5 Bxc5 16. Rxc5 $14 Ne4 17. Rc2 f6 18. Re1 {Kein Fehler, obwohl der Sinn dieses Zuges im Dunkeln liegt.} (18. Nd4 Bxe2 19. Nxe2 Nb4 20. Rxc8 Rxc8 21. a3 Nc6 22. Nf4 Ne7 $14) 18... Nb4 19. Rxc8 Rxc8 20. a3 Na2 $2 $16 {Dieser Sprung ins gegnerische Hinterland bekommt Schwarz nicht gut; die Bewertung von Weiss springt auf +- 1.51(97%)/48} 21. Nd4 {Am besten, aber wie man aus der Folge sieht, aus dem falschen Grund gespielt.} Bxe2 22. Nxe2 $6 $11 {Das Programm von Frans Morsch findet die beste Fortsetzung nicht, was angesichts der Komplexität der übermenschlichen Varianten verständlich ist.} ({Beispielvariante ST 57} 22. Qxe2 Nec3 (22... Nac3 $2 23. Qd3 {und die nicht abzuwehrende Drohung f2-f3 erobert Material.} Rc5 24. f3) 23. Qd3 Qe8 24. f3 Rc7 25. h4 a5 26. Ra1 h6 27. Kh2 h5 28. Kg1 b5 29. Bxc3 Nxc3 30. b4 axb4 31. axb4 Rc4 32. Nf5 Rc7 33. Ra3 Na4 34. Qxd5+ Kh7 35. Ng3 Qe5 36. Qxe5 fxe5 37. Rd3 Rc1+ 38. Kh2 Rc4 39. Ne4 g6 40. Rd5 Rxb4 41. Rxe5 Nb2 42. Kg3 Nd1 43. Ng5+ Kg7 44. Re7+ Kf8 45. Re6 Rb2 {1.80(99%)/57}) 22... Nac3 23. Nxc3 Nxc3 24. Qd3 Qb5 25. Qf5 Rc5 $6 {Ungenau, weshalb 25...De8 oder 25...Tc6 zu bevorzugen sind.} 26. b4 {Nur mit 26.a4 konnte Weiss noch geringen Vorteil haben.} Rc4 27. Bxc3 Rxc3 $11 {Die Partie steht auf Remis.} 28. e4 {Das sieht sehr gut aus und droht, auf d5 einen Bauern zu gewinnen. Doch hat Schwarz eine ausgezeichnete Erwiderung.} {[#]} Rd3 $2 $18 {[%mdl 32768] Das ***VERLIERT*** ist aus Sicht unserer alten Brettcomputer aber logisch, weil das materielle Gleichgewicht aufrechterhalten werden kann.} (28... Qe2 $1 {hält die Stellung im Gleichgewicht} 29. Qxd5+ (29. Rxe2 $4 Rc1+ 30. Re1 Rxe1# {Matt}) 29... Kf8 30. Rf1 Qc4 31. Qxc4 Rxc4 32. f3 Rc3 33. Ra1 Rc2 34. Rd1 Ke7 35. Rd3 h5 $11 {und dieses Turmendspiel ist Remis, was aber nicht heissen soll, dass unsere Oldies hier nicht noch böse straucheln könnten.}) 29. Qe6+ Kf8 30. exd5 $6 $11 {Das vergibt den Sieg.} (30. Qd6+ Kf7 31. e5 $1 fxe5 32. h4 Qc6 (32... e4 33. Rc1 $18) 33. Qxe5 Kg8 34. Qb8+ Kf7 35. Qd8 Rd4 36. b5 $1 Re4 {noch am besten} 37. bxc6 Rxe1+ 38. Kh2 bxc6 39. Qd7+ Re7 40. Qxc6 $18) 30... Rxd5 31. Qe7+ Kg8 32. a4 {Ablenkung der Dame vom Schutz seines Turms auf d5.} Qd7 33. Kf1 Rd1 34. Qxd7 Rxd7 {Hier könnte man mit Remis abbrechen: gleiches Material, identische Bauernstruktur, keine Schwächen. Aber immer wieder haben wir gesehen, wie unsere alten Schätze selbst solche Stellungen noch verlieren.} 35. Rc1 Kf7 36. Ke2 g6 37. Ke3 Ke6 38. Rc4 f5 39. g3 g5 40. h4 h6 41. f4 {Zwingt den Gegner zur Klärung.} gxh4 42. gxh4 Re7 43. Rc5 Kf6+ 44. Kd3 Rd7+ 45. Kc4 Rd1 46. Rb5 Rc1+ 47. Kd4 b6 48. a5 Rd1+ 49. Kc4 bxa5 50. Rxa5 Rc1+ 51. Kd3 Rd1+ 52. Ke3 Re1+ 53. Kf3 Rf1+ 54. Kg3 Rg1+ 55. Kf2 Rg4 56. Ra6+ Ke7 57. Ke3 Rxh4 58. Rxa7+ $11 {Noch immer steht es gleich. Aber beide Spieler haben einen Freibauern. Die Stellung ist nicht mehr symmetrisch, so dass die Gefahr von Ungenauigkeiten steigt.} Ke6 59. Ra5 Rh1 60. Kd4 Rd1+ 61. Kc5 Rc1+ 62. Kb5 h5 63. Ra3 Rc8 64. Rh3 Rb8+ 65. Kc4 Rc8+ 66. Kd3 Rd8+ 67. Kc3 Rh8 68. Kd4 Rb8 69. Kc5 Rc8+ 70. Kb6 Rb8+ 71. Ka5 Ra8+ 72. Kb6 Rb8+ 73. Kc5 Rc8+ 74. Kd4 Rb8 75. Re3+ Kd6 76. Kc4 Rc8+ 77. Kb3 h4 78. Rd3+ Ke6 79. Rh3 Rg8 {Auf den ersten Blick stellt Schwarz einen Bauern ein. Aber dieser Eindruck täuscht.} 80. Rxh4 Rg4 {Erobert den Bauern zurück, denn der angegriffene Turm muss wegziehen, da Turmtausch nicht Frage kommt, weil das Bauernendspiel für Weiss verloren wäre.} 81. Rh7 Rxf4 82. b5 Kd6 83. b6 Rg4 84. b7 Rg8 85. Ka4 f4 86. Kb5 {Schwarz hat mindesten drei Fortsetzungen, die zum Remis führen. [#]} f3 $2 $18 {[%mdl 32768] Aber Schwarz "schafft" es, einen ***VERLUSTZUG*** zu finden. Der Scorpio 68000 sel. 4 zeigt nach 44 Min.: Tiefe d10 17-18, -01.75, 86...f3?, 87.Tf7! Kd5, 88.Txf3 Tb8, 89.Kb6, erkennt aber nicht, dass die Stellung für Schwarz total verloren ist.} (86... Rb8 87. Kb6 Ke5 88. Kc7 Rxb7+ 89. Kxb7 Ke4 90. Kc6 f3 91. Kc5 f2 92. Re7+ Kf3 $11 {Remis, denn Weiss wird seinen Turm opfern müssen, um die Umwandlung des Bauern zu verhindern.}) (86... Ke5 87. Ka6 f3 88. Rf7 Ke4 89. Ka7 Ke3 90. b8=Q Rxb8 91. Kxb8 f2 92. Kc7 Ke2 $11) (86... Kd5 87. Re7 Kd4 88. Rc7 Rb8 89. Ka6 Rxb7 90. Rxb7 f3 91. Rb3 Ke4 92. Kb5 f2 93. Rb1 Kf3 94. Kc4 Kg2 $11) 87. Rf7 $1 {Der einzige Zug, der gewinnt.} (87. Kb6 Ke5 88. Rf7 Ke4 89. Ka7 Ke3 90. b8=Q Rxb8 91. Kxb8 f2 92. Kc7 Ke2 $11) 87... Kd5 {[#]} 88. Kb6 $2 {[%mdl 4096] In klarer Gewinnstellung ein für Kenner der Grundlagen von Turmendspielen unglaublicher Fehler, der die Partie zum Remis verkorkst. Der Saitek GK 2100, das Original des Explore Pro Clones, will zuerst richtig 86.Txf3 spielen mit +1.5, wechselt dann aber ab Tiefe 9-1 zu 86.Kb6? mit +2.8 und weiter ...f2?, 89.Ka7 Tg4, 90.b8D Ta4+.} (88. Rxf3 Rg1 (88... Rb8 89. Kb6) 89. Rd3+ Ke4 90. Rb3 Rg8 91. Kc6 Rb8 92. Kc7 $18) 88... Ke4 (88... f2 89. Ka7 Rg4 90. b8=Q Ra4+) 89. Ka7 Ke3 90. b8=Q Rxb8 91. Kxb8 f2 92. Kc7 Ke2 93. Kd6 f1=Q 94. Rxf1 Kxf1 {***REMIS MATERIAL***} 1/2-1/2